KKV szektor adózása és szabályozása

Bibliographic Details
Main Author: Szabóné Bencs Anita
Other Authors: Mosolygó-Kiss Ágnes
Pál Marcell
Format: Thesis
Kulcsszavak:KKV adózás
szabályozás
KATA
Online Access:http://dolgozattar.uni-bge.hu/19662

MARC

LEADER 00000nta a2200000 i 4500
001 dolg19662
005 20181217122230.0
008 181217suuuu hu om 000 hun d
040 |a BGE Dolgozattár Repozitórium  |b hun 
041 |a hu 
100 1 |a Szabóné Bencs Anita 
245 1 0 |a KKV szektor adózása és szabályozása  |c Szabóné Bencs Anita  |h [elektronikus dokumentum] 
246 1 1 |a KKV szektor adózása és szabályozása 
695 |a KKV adózás 
695 |a szabályozás 
695 |a KATA 
700 1 |a Mosolygó-Kiss Ágnes  |e ths 
700 1 |a Pál Marcell  |e ths 
856 4 0 |u http://dolgozattar.uni-bge.hu/19662/1/Szab%C3%B3n%C3%A9_Bencs_Anita_KKV2.pdf  |z Dokumentum-elérés